000 00310 a2200157 4500
001 61626
020 _a071672832x
040 _cAnchieta - Pituba
100 _aJones, Loretta L.
240 1 0 _aChemistry
_lIng
245 1 0 _aChemistry
300 _a886
362 0 _a1997
650 4 _aQuĂ­mica
942 _cBK
999 _c61626
_d61626